| 000 | 01112cam a2200337 a 4500 | ||
|---|---|---|---|
| 999 |
_c527568 _d527568 |
||
| 001 | 14021012 | ||
| 003 | NUST | ||
| 005 | 20190731050522.0 | ||
| 008 | 050630s2005 ii b 000 0 pano | ||
| 010 | _a 2004314908 | ||
| 020 | _a8173809178 | ||
| 025 | _aI-Pan-2004-314908; 07 | ||
| 037 |
_bLibrary of Congress -- New Delhi Overseas Office _cRs150.00 |
||
| 038 | _aWaseem | ||
| 040 |
_aDLC _cDLC |
||
| 042 | _alcode | ||
| 050 | 0 | 0 |
_aPK2631 _b.C56 2005 |
| 082 |
_a891.421 _bCHE |
||
| 100 | 1 |
_aCīmā, Baladewa Siṅgha. _918902 |
|
| 245 | 1 | 0 |
_aPañjābī wāka prabandha / _cBaladewa Siṅgha Cīmā. |
| 246 | 1 |
_iTitle on t.p. verso: _aPunjabi vak parbandh |
|
| 260 |
_aPaṭiālā : _bPabalīkeshana Biūro, Pañjābī Yūnīwarasiṭī, _c2005. |
||
| 300 |
_ax, 167 p. ; _c22 cm. |
||
| 504 | _aIncludes bibliographical references (p. [163]-167). | ||
| 520 | _aSentence structure of Punjabi language. | ||
| 546 | _aIn Panjabi. | ||
| 650 | 0 |
_aPanjabi language _xSentences. _918903 |
|
| 906 |
_a7 _bibc _corigode _d3 _encip _f20 _gy-gencatlg |
||
| 942 |
_2ddc _cBK |
||